000 01151nam a22003257a 4500
003 CHAP
005 20220329140801.0
008 971013s1975 r 00010 d
010 _a57554
011 _a58526
035 _a62681
040 _cCHAP
090 _aFolleto 7546
100 0 0 _aSprague, Howard B.
_9109271
245 _aSeeded forages for grazing and for harvested feeds in tropics and subtropics
260 _aWashington :
_bAgency for International Development,
_c1975
300 _a31 p.
490 _aAgricultura technology for developing countries. Technical series bulletin
_v; 13
590 _aBATCH-UPD
_b10
_c20130110
_lUCH01
_h0734
590 _aBATCH-UPD
_b10
_c20130410
_lUCH01
_h0416
590 _aBATCH-UPD
_b10
_c20130913
_lUCH01
_h2202
590 _aCONVERSION
_b10
_c20130109
_lUCH01
_h1331
650 1 4 _aForrajes
_xTrĂ³picos.
_942599
650 1 4 _aPastoreo.
_985984
650 1 4 _aPastos forrajeros
_xTrĂ³picos.
_986121
830 0 _aAgricultura technology for developing countries. Technical series bulletin
_v; 13
_92028
901 _aBK
942 _cFOLL
949 _aFolleto 7546
_bBC
_cFOLL
_d-134271
_eTS1
_i62681
_mD
_si
999 _c57554
_d57554